Return to justice : (Record no. 8587)
[ view plain ]
| 000 -LEADER | |
|---|---|
| fixed length control field | 01375nam a22002297a 4500 |
| 003 - CONTROL NUMBER IDENTIFIER | |
| control field | GBCCL |
| 005 - DATE AND TIME OF LATEST TRANSACTION | |
| control field | 20241126110653.0 |
| 008 - FIXED-LENGTH DATA ELEMENTS--GENERAL INFORMATION | |
| fixed length control field | 210416b ||||| |||| 00| 0 eng d |
| 020 ## - INTERNATIONAL STANDARD BOOK NUMBER | |
| International Standard Book Number | 9781493404513 |
| 020 ## - INTERNATIONAL STANDARD BOOK NUMBER | |
| International Standard Book Number | 1493404512 |
| 040 ## - CATALOGING SOURCE | |
| Transcribing agency | GBC |
| 082 ## - DEWEY DECIMAL CLASSIFICATION NUMBER | |
| Classification number | 261.8 |
| Item number | RAH |
| 100 ## - MAIN ENTRY--PERSONAL NAME | |
| Personal name | Rah, Soong-Chan |
| 9 (RLIN) | 15142 |
| 245 ## - TITLE STATEMENT | |
| Title | Return to justice : |
| Remainder of title | six movements that reignited our contemporary evangelical conscience / |
| Statement of responsibility, etc. | Soong-Chan Rah and Gary VanderPol. |
| 260 ## - PUBLICATION, DISTRIBUTION, ETC. | |
| Place of publication, distribution, etc. | Grand Rapids, MI : |
| Name of publisher, distributor, etc. | Brazos Press a division of Baker Publishing Group, |
| Date of publication, distribution, etc. | [2016] |
| 300 ## - PHYSICAL DESCRIPTION | |
| Extent | xii, 224 pages |
| 505 ## - FORMATTED CONTENTS NOTE | |
| Formatted contents note | Part 1. Justice is personal and relational. The power of personal story: John Perkins and the Christian Community Development Association --<br/>The power of a personal connection: child sponsorship and global poverty --<br/>Part 2. Justice is public and prophetic. World vision and the work of prophetic advocacy --<br/>Sojourners as a prophetic voice for those on the margins --<br/>Part 3. Justice confronts power in community. African-American evangelicals and the challenge of true racial reconciliation --<br/>The Fraternidad Teológica Latinoamericana and the sharing of power in a globalized Christianity. |
| 650 ## - SUBJECT ADDED ENTRY--TOPICAL TERM | |
| Topical term or geographic name entry element | Social justice |
| Form subdivision | Religious aspects |
| General subdivision | Christianity |
| -- | History. |
| 9 (RLIN) | 15143 |
| 650 ## - SUBJECT ADDED ENTRY--TOPICAL TERM | |
| Topical term or geographic name entry element | Evangelicalism |
| Form subdivision | History. |
| 9 (RLIN) | 15144 |
| 650 ## - SUBJECT ADDED ENTRY--TOPICAL TERM | |
| Topical term or geographic name entry element | Evangelicalism. |
| 9 (RLIN) | 178 |
| 942 ## - ADDED ENTRY ELEMENTS (KOHA) | |
| Source of classification or shelving scheme | Dewey Decimal Classification |
| Koha item type | Books |
| Withdrawn status | Lost status | Source of classification or shelving scheme | Damaged status | Not for loan | Home library | Current Library | Shelving location | Date acquired | Total checkouts | Full call number | Barcode | Date last seen | Date last checked out | Copy number | Price effective from | Koha item type |
|---|---|---|---|---|---|---|---|---|---|---|---|---|---|---|---|---|
| Dewey Decimal Classification | GRACE BIBLE COLLEGE | GRACE BIBLE COLLEGE | Ministry & Mission | 2021-04-16 | 2 | 261.8 RAH | 020226 | 2026-02-19 | 2025-09-23 | c.1 | 2021-04-16 | Books |